000 00259nam a2200097 a 4500
005 20200930080328.0
008 120329s1882 000 spa d
245 0 _aEnriquillo, leyenda histórica dominicana.
260 _aSanto Domingo,
_c1882.
999 _c36866
_d36866
040 _aDO-SdBNP